000 01044nam a22003377a 4500
003 CHAP
005 20220817044526.0
008 120608s2011 it rn 00010 eng d
010 _a103304
011 _a104276
020 _a9789251069868
035 _a114966
040 _cCHAP
082 0 4 _a639.2
_bF46y v.980
110 2 _aFAO
245 1 0 _aReport of the meeting of regional body secretariats network (3o)
_c/por FAO
260 _aRoma :
_bFAO,
_c2011
300 _avi, 61 p.
490 0 _aFAO. Informe de pesca y acuicultura
_v; 980
500 _aRome, 7-8 february 2011
590 _aBATCH-UPD
_b10
_c20130110
_lUCH01
_h1056
590 _aBATCH-UPD
_b10
_c20130410
_lUCH01
_h0651
590 _aCONVERSION
_b10
_c20130109
_lUCH01
_h1357
650 1 4 _aPesca continental.
_987434
650 1 4 _aPesca.
650 1 4 _aPesca
_xLeyes.
_987396
830 1 0 _aFAO. Informe de pesca y acuicultura
_v; 980
_939588
901 _aBK
942 _cLIBRO
949 _a639.2 F46y v.980
_bBC
_cFAO
_d33724002333355
_eFAO1
_gDonaciØn
_h116747
_i114966
_sb
999 _c103304
_d103304